BIBLIOTECA

SENCICO

Concreto preesforzado : diseño y construcción (Registro nro. 1035)

Detalles MARC
000 -LEADER
fixed length control field 00691nam a2200253Ia 4500
005 - DATE AND TIME OF LATEST TRANSACTION
control field 20251020182457.0
008 - FIXED-LENGTH DATA ELEMENTS--GENERAL INFORMATION
fixed length control field 200515s9999 xx 000 0 und d
020 ## - INTERNATIONAL STANDARD BOOK NUMBER
International Standard Book Number 958-97371-3-7
082 ## - DEWEY DECIMAL CLASSIFICATION NUMBER
Classification number 624.072.2/A81
100 ## - MAIN ENTRY--PERSONAL NAME
Personal name Asociación Colombiana de Productores de Concreto - Asocreto
245 #0 - TITLE STATEMENT
Title Concreto preesforzado : diseño y construcción
250 ## - EDITION STATEMENT
Edition statement 1a ed.
260 ## - PUBLICATION, DISTRIBUTION, ETC.
Place of publication, distribution, etc. Bogotá, D.C.
260 ## - PUBLICATION, DISTRIBUTION, ETC.
Name of publisher, distributor, etc. Instituto del CONCRETO
260 ## - PUBLICATION, DISTRIBUTION, ETC.
Date of publication, distribution, etc. 2005
300 ## - PHYSICAL DESCRIPTION
Extent 159 p.
300 ## - PHYSICAL DESCRIPTION
Other physical details il., tbl., graf.
490 ## - SERIES STATEMENT
Series statement Colección Especializada del Concreto
500 ## - GENERAL NOTE
General note 1 ejemplar
650 ## - SUBJECT ADDED ENTRY--TOPICAL TERM
Topical term or geographic name entry element CONCRETO
650 ## - SUBJECT ADDED ENTRY--TOPICAL TERM
Topical term or geographic name entry element CONCRETO PREESFORZADO
942 ## - ADDED ENTRY ELEMENTS (KOHA)
Koha item type Libros
Existencias
Fecha de la última vez que lo usaron Pago total Signatura topográfica completa Código de barras Precio efectivo desde Tipo de documento Estado perdido Estado dañado No es para préstamo Retirado Ubicación permanente Ubicación actual Fecha de adquisición
15/05/2020   624.072.2/A81 Bib-Lima15051035 15/05/2020 Libros         Biblioteca Central Lima Biblioteca Central Lima 15/05/2020